Teritoriální rizika z netradičních pohledů. 4
Česká republika členom OECD od r. 1996. Štruktúra poistených vývozných úverov. Zahraničnoobchodná bilancia ČR. Od r. 1994 objem dovozov Česka prevyšoval objem vývozov. Vznik verejnoprávnej poisťovne, ktorej poslaním je podpora proexportnej politiky, Exportní garanční a pojišťovací společnost, a.s. -...
Enregistré dans:
| Auteur principal: | |
|---|---|
| Format: | Chapitre de livre |
| Langue: | tchèque |
| Sujets: | |
| Tags: |
Pas de tags, Soyez le premier à ajouter un tag!
|
MARC
| LEADER | 00000naa a2200000 4500 | ||
|---|---|---|---|
| 001 | r027018 | ||
| 005 | 20230522111733.2 | ||
| 041 | 0 | |a cze | |
| 044 | |a CZ | ||
| 245 | 1 | 0 | |a Teritoriální rizika z netradičních pohledů. 4 |c M.P. Škorpil |
| 520 | |a Česká republika členom OECD od r. 1996. Štruktúra poistených vývozných úverov. Zahraničnoobchodná bilancia ČR. Od r. 1994 objem dovozov Česka prevyšoval objem vývozov. Vznik verejnoprávnej poisťovne, ktorej poslaním je podpora proexportnej politiky, Exportní garanční a pojišťovací společnost, a.s. - EGAP. | ||
| 610 | 2 | 0 | |a obchod zahraničný |
| 610 | 2 | 0 | |a OECD |
| 610 | 2 | 0 | |a Česko |
| 610 | 2 | 0 | |a bilancia obchodná |
| 610 | 2 | 0 | |a 1996 |
| 610 | 2 | 0 | |a dovoz |
| 610 | 2 | 0 | |a vývoz |
| 610 | 2 | 0 | |a poistenie záujmov zahraničných |
| 610 | 2 | 0 | |a úver vývozný |
| 610 | 2 | 0 | |a krajiny rozvojové |
| 610 | 2 | 0 | |a SVE |
| 610 | 2 | 0 | |a bilancia platobná |
| 610 | 2 | 0 | |a EGAP, a.s. Praha |
| 100 | 1 | |a Škorpil, M.P. | |